Communication : theories and applications /
Basic communication theories. Communication in everyday life.
Gardado en:
| Autor Principal: | |
|---|---|
| Formato: | Libro |
| Idioma: | English |
| Publicado: |
Boston :
Houghton Mifflin,
2000.
|
| Những chủ đề: | |
| Các nhãn: |
Engadir etiqueta
Sen Etiquetas, Sexa o primeiro en etiquetar este rexistro!
|
| Thư viện lưu trữ: | Mạng thư viện Đại học Đà Nẵng |
|---|
| LEADER | 00854cam a2200325 i 4500 | ||
|---|---|---|---|
| 001 | 000048880 | ||
| 003 | 8606 | ||
| 005 | 20030311085008.0 | ||
| 008 | 010323|2000 vm 000 eng | ||
| 020 | |a 0395888557 | ||
| 040 | |a IRC |c IRC |d IRC | ||
| 041 | 0 | |a eng | |
| 082 | 1 | 4 | |a 302.2 |b RE-M |
| 100 | 1 | |a Redmond, Mark V. | |
| 245 | 0 | 0 | |a Communication : |b theories and applications / |c Mark V. Redmond. |
| 260 | |a Boston : |b Houghton Mifflin, |c 2000. | ||
| 300 | |a 461 p. ; |c 25cm. | ||
| 520 | 3 | |a Basic communication theories. Communication in everyday life. | |
| 630 | 0 | 4 | |a Communication. |
| 650 | 0 | 4 | |a Communication. |
| OWN | |a DUT | ||
| 999 | |a From the UDN01 | ||
| TYP | |a Monograph | ||
| TYP | |a Printed language | ||
| 980 | |a Mạng thư viện Đại học Đà Nẵng | ||


